Detalles MARC
| 000 -LIDER |
| fixed length control field |
01377nam a2200325 a 4500 |
| 001 - NÚMERO DE CONTROL |
| Identificador de número de control |
000037638 |
| 003 - IDENTIFICACDOR DE NÚMERO DE CONTROL |
| control field |
DO-SdBNP |
| 005 - DATE AND TIME OF LATEST TRANSACTION |
| control field |
20220325111510.0 |
| 007 - CAMPOS FIJOS DE DESCRIPCIÓN FÍSICA |
| fixed length control field |
000037638 |
| 008 - ELEMENTOS DE LONGITUD FIJA |
| fixed length control field |
121023s2012 dr a 001 0 spa d |
| 020 ## - ISBN |
| International Standard Book Number |
978994588308 |
| 040 ## - FUENTE DE CATALOGACIÓN |
| Agencia que crea de manera original el registro |
BPMSU |
| Idioma de catalogación |
spa |
| Agencia que realiza la transcripción |
BPMSU |
| 082 #4 - NÚMERO DE CLASIFICACIÓN DECIMAL DE DEWEY |
| Classification number |
704.0397293 |
| Item number |
T134o 2012 |
| Edition number |
22 |
| 245 00 - MENCIÓN DE TITULO |
| Título |
Taínos : orígenes, cultura, creencias, arte, herencia /texto de |
| Mención de responsabilidad |
Manuel García Arévalo,...[et.al]. |
| 260 ## - PUBLICACIÓN, DISTRIBUCIÓN, ETC. (PIE DE IMPRENTA) |
| Lugar de publicación, distribución, etc |
Santo Domingo : |
| Nombre del editor, distribuidor, etc. |
Odebrecht, |
| Fecha de publicación, distribución, etc |
2012. |
| 300 ## - DESCRIPCIÓN FÍSICA |
| Extensión |
267 p. : |
| Otros detalles físicos |
il. ; |
| Dimensiones |
32 cm. |
| 500 ## - NOTA GENERAL |
| Nota general |
Texto a dos columnas |
| 505 2# - NOTA DE CONTENIDO |
| Título |
Las culturas iniciales de la isla de Santo Domingo -- |
| -- |
Cultura taína -- |
| -- |
Religión y mitología taínas -- |
| -- |
El arte taíno 55 El arte rupestre prehispánico en La Española 220 Lo que heredamos de los taínos -- |
| -- |
Lo que heredamos de los taínos -- |
| -- |
El arte rupestre prehispánico en La Española -- |
| -- |
Lo que heredamos de los taínos |
| 650 ## - ENCABEZAMIENTO DE MATERIA--TEMÁTICO |
| Término temático o nombre geográfico como elemento de entrada |
Taínos |
| Subdivisión temática general |
Vida social y costumbres. |
| 650 #4 - ENCABEZAMIENTO DE MATERIA--TEMÁTICO |
| Término temático o nombre geográfico como elemento de entrada |
Arte precolombino |
| Subdivisión geográfica |
Antillas (Región) |
| Fuente del encabezamiento o término |
|
| 650 #4 - ENCABEZAMIENTO DE MATERIA--TEMÁTICO |
| Término temático o nombre geográfico como elemento de entrada |
Arte taíno |
| Subdivisión de forma |
Catálogos. |
| 650 #4 - ENCABEZAMIENTO DE MATERIA--TEMÁTICO |
| Término temático o nombre geográfico como elemento de entrada |
Taínos |
| Subdivisión temática general |
Historia. |
| 650 ## - ENCABEZAMIENTO DE MATERIA--TEMÁTICO |
| Término temático o nombre geográfico como elemento de entrada |
Cultura indigenas |
| Subdivisión geográfica |
Hispaniola |
| 700 2# - ASIENTO SECUNDARIO -- NOMBRE PERSONAL |
| Nombre personal |
García Arévalo, Manuel |
| 910 ## - VALIDACIÓN |
| Validación |
VMateo V. |
| 942 ## - ADDED ENTRY ELEMENTS (KOHA) |
| Source of classification or shelving scheme |
Dewey Decimal Classification |
| Koha item type |
Libros |
| 945 ## - INFORMACIÓN DE PROCESAMIENTO LOCAL |
| Información de procesamiento local |
Inventariado / 2017 VM |
| 956 ## - LOCAL ELECTRONIC LOCATION AND ACCESS (OCLC) |
| Nombre de host |
VMANTEO |
| Número de acceso |
10 |
| Información de compresión |
20150805 |
| Inicio de sesión |
BPMSU |
| Procesador de solicitud |
00151 |
| 956 ## - LOCAL ELECTRONIC LOCATION AND ACCESS (OCLC) |
| Nombre de host |
Validado. Control de calidad MFF |